Meistbesuchte landen (top 20) - Statistiken

Allgemein
  • Dieses Quiz wurde 87 mal gespielt
  • Das Durchschnittsergebnis liegt bei 17 aus 20
Antwortstatistiken
jährliche Besuche Landen % Korrekt
8 38.8m Deutschland
99%
5 62.1m Italien
99%
2 82.7m Spanien
99%
3 79.6m Vereinigte Staaten
99%
4 62.9m China
96%
1 89.4m Frankreich
96%
18 21.1m Kanada
96%
7 41.4m Mexiko
93%
15 24.5m Russland
93%
11 31.1m Japan
91%
10 36.2m Vereinigtes Königreich
89%
13 30.1m Griechenland
84%
6 45.7m Türkei
83%
16 22.8m Portugal
81%
12 30.8m Österreich
79%
20 19.0m Niederlande
76%
9 38.2m Thailand
75%
19 19.6m Polen
69%
17 21.6m Vereinigte Arabische Emirate
45%
14 25.8m Malaysia
40%
Keine übereinstimmenden Quizze gefunden
Verteilung der Resultate
Anzahl Personen mit jedem Resultat
Perzentil nach korrekt beantworteten Fragen
Ihre Resultats-Entwicklung
Sie haben dieses Quiz noch nicht gespielt